ASOIAF Top 3 Female Characters Quiz Stats

 Plays Quiz Updated Apr 26, 2017

Support Sporcle.
Go Orange.
Score 0/27 Timer 10:00
0 Plays Today
Hint Answer % Correct
StarkArya Stark
99%
StarkSansa Stark
97.4%
QueenCersei Lannister
92.5%
StarkLyanna Stark
81.9%
QueenDaenerys Targaryen
80.7%
WildlingYgritte
80.7%
QueenMargaery Tyrell
72.7%
SeptaSepta Mordane
68.1%
Handmaiden of DaenerysIrri
61.3%
DornishArianne Martell
59.5%
DornishElia Martell
58.7%
Handmaiden of DaenerysMissandei
55.3%
WildlingGilly
53%
Bastard-bornObara Sand
51.9%
Hint Answer % Correct
Died in ChildbirthJoanna Lannister
48%
Handmaiden of DaenerysJhiqui
47.6%
From the North But Not a StarkJeyne Poole
45.7%
WildlingVal
42.5%
Bastard-bornMya Stone
42.2%
SeptaSepta Unella
40.7%
From the North But Not a StarkMeera Reed
32.6%
DornishSarella Sand
29%
Bastard-bornSarella Sand
29%
Died in ChildbirthRhaella Targaryen
27.1%
Died in ChildbirthDalla
26.5%
From the North But Not a StarkOld Nan
24.4%
SeptaSepta Lemore
23.4%

You're not logged in!

Compare scores with friends on all Sporcle quizzes.
OR
Log In
Forgot?

From the Vault

Skiing Countries

by Jam1

Answering these questions is as easy as going downhill.
Remove Ads.
Support Sporcle.
Get the best of Sporcle when you Go Orange. This ad-free experience offers more features, more stats, and more fun while also helping to support Sporcle. Thank you for becoming a member.

Show Comments

Extras

Top Quizzes Today


Score Distribution

Your Account Isn't Verified!

In order to create a playlist on Sporcle, you need to verify the email address you used during registration. Go to your Sporcle Settings to finish the process.

Report this User

Report this user for behavior that violates our Community Guidelines.

Details: